Extranet extras (Record no. 72383)

MARC details
000 -LEADER
fixed length control field 01016cam a2200217 4500
001 - CONTROL NUMBER
control field ABS66530
008 - FIXED-LENGTH DATA ELEMENTS--GENERAL INFORMATION
fixed length control field 030331n2003 000 0 eng u
035 ## - SYSTEM CONTROL NUMBER
System control number (Sirsi) u121791
100 ## - MAIN ENTRY--PERSONAL NAME
Personal name Croser, J.
245 ## - TITLE STATEMENT
Title Extranet extras
260 ## - PUBLICATION, DISTRIBUTION, ETC.
Date of publication, distribution, etc. 2003
490 ## - SERIES STATEMENT
Series statement Architects' Journal
Volume/sequential designation 217(11) 20 March 2003, 73-74(2)
520 ## - SUMMARY, ETC.
Summary, etc. Examines the lack of the use of extranets in architects' practices. Argues that they can give users a wide range of benefits to help them with workflow. Explains that an extranet is a mechanism for storing information so that anyone with internet or a Virtual Private Network connection can access the data. Assesses the ease of use of various systems and suggests a list of websites for more product information. For more information on extranets visit http://www.extranetnews.com
590 ## - LOCAL NOTE (RLIN)
Local note ABS
650 ## - SUBJECT ADDED ENTRY--TOPICAL TERM
Topical term or geographic name entry element EXTRANETS
650 ## - SUBJECT ADDED ENTRY--TOPICAL TERM
Topical term or geographic name entry element INFORMATION ACCESS
650 ## - SUBJECT ADDED ENTRY--TOPICAL TERM
Topical term or geographic name entry element WEBSITES
650 ## - SUBJECT ADDED ENTRY--TOPICAL TERM
Topical term or geographic name entry element PRACTICE MANAGEMENT
690 ## - LOCAL SUBJECT ADDED ENTRY--TOPICAL TERM (OCLC, RLIN)
Topical term or geographic name as entry element INFORMATION TECHNOLOGY-INTERNET
942 ## - ADDED ENTRY ELEMENTS (KOHA)
Suppress in OPAC 0
Holdings
Withdrawn status Lost status Source of classification or shelving scheme Damaged status Not for loan Home library Current library Shelving location Date acquired Total Checkouts Full call number Barcode Date last seen Copy number Price effective from Koha item type
    Dewey Decimal Classification     London London Journal article 31/03/2003   ABS66530 121791-1001 06/08/2019 1 06/08/2019 Journal article